|
|
|
|
| LEADER |
01127nam a2200277 4500 |
| 001 |
c000386297 |
| 003 |
CARM |
| 005 |
00000000000000.0 |
| 008 |
930712q1940 enkabef 00100 eng |
| 019 |
1 |
|
|a 10200727
|z 42640445
|z 21783903
|5 LACONCORD2021
|
| 035 |
|
|
|a (OCoLC)2897156
|5 LACONCORD2021
|
| 040 |
|
|
|a VDU
|c VDU
|
| 050 |
0 |
0 |
|a DA680
|b .B8 1946
|
| 082 |
0 |
4 |
|a 914.2
|
| 100 |
1 |
|
|a Brewer, Henry William,
|d 1836-1903.
|
| 245 |
1 |
0 |
|a Old London illustrated,
|b London in the XVIth century;
|c drawings by H. W. Brewer and descriptive articles by Herbert A. Cox.
|
| 250 |
|
|
|a 8th ed., enl. and rev.
|
| 260 |
|
|
|a London,
|b The Builder, ltd.
|c [1946]
|
| 300 |
|
|
|a 1 p. l., viii, 53 p.
|b illus. (incl. maps, plan) col. pl.
|c 25 cm.
|
| 500 |
|
|
|a Includes index.
|
| 651 |
|
0 |
|a London (England)
|x Pictorial works.
|
| 651 |
|
0 |
|a London (England)
|x History.
|
| 700 |
1 |
|
|a Cox, Herbert Arthur,
|d 1875-1956.
|
| 852 |
8 |
|
|b CARM
|h A3:AI07E0
|i C12542
|p 0481161
|f BK
|
| 999 |
f |
f |
|i d3163d7d-2d71-5c34-bf85-9664df420abf
|s 15924b79-70b7-50ac-b053-262fca7e1378
|
| 952 |
f |
f |
|p Can circulate
|a CAVAL
|b CAVAL
|c CAVAL
|d CARM 1 Store
|e C12542
|f A3:AI07E0
|h Other scheme
|i book
|m 0481161
|